Регионална библиотека "Любен Каравелов" - Русе

В топлия кът (Запис номер 139842)

MARC детайли
000 -Лидер
Контролно поле с фиксирана дължина 01586nam a2200349 c 4500
003 - Код на организацията, давaща контролен номер
Контролно поле BLK
005 - Дата и час на последна редакция
Контролно поле 20180422112233.0
008 - Елементи от данни с фиксирана дължина
fixed length control field 180409b bul|||||r ||||||| ||bul||
010 ## - Наследен системен номер
LC control number KNG00145892000
040 ## - Източник на каталожния запис
Идентификатор на билиотеката - собственик на записа BLK
041 ## - Код за език
Код за езика на текст/звукозапис или на отделно заглавие Български
Код за езика КДБФ Български
080 ## - УДК
Текстов определител УДК Българска литература
УДК код - определител по УДК 821.163.2
УДК определител -93-1
УДК - код + определител 821.163.2-93-1
100 1# - Редна дума - Автор
Автор Гундов, Димитър Стефанов
Авторска отговорност първи автор
R(LIN) 376062
139 ## - Редно поле
Редна дума Гундов, Димитър Стефанов
Авторски знак Гул - Г 92
245 10 - Сведения за заглавието
Заглавие В топлия кът
Подзаглавни данни Стихотворения : За деца
Редно поле (дума) Димитър Стефанов Гундов; худож. Милена Йоич; предг. от Димитър Стефанов Гундов.
257 ## - Страна на издаване
Страна на създаване/издаване България
260 ## - Област на издателските данни
-- София
Име на издателя, разпространителя и проч. Нар. младеж
Година на издаване 1976
Печатница София : ДП Г. Димитров
300 ## - Физическа характеристика
Страници 112 с.
Илюстрации и др. с ил., 1 л. портр.
Размери/Мащаб 21 см
380 ## - Жанр
Жанр Детска худож. лит.
490 1# - СЕРИИ (Колекции)
Име на серия Библиотека Дъга
490 1# - СЕРИИ (Колекции)
-- Подсерия
Име на серия Български писатели за деца и юноши
500 ## - Общи забележки
Забележка 5 125 тир.
653 ## - Ключова дума – ненормативна
Ключова дума литература за деца
653 ## - Ключова дума – ненормативна
Ключова дума детска литература
700 1# - Други автори (авторска отговорност)
Лично име Йоич, Милена
Автороска отговорност (Описва отношението между автора и произведението) худож.
9 (RLIN) 378026
700 1# - Други автори (авторска отговорност)
Лично име Гундов, Димитър Стефанов
Автороска отговорност (Описва отношението между автора и произведението) предг. от
9 (RLIN) 376062
852 ## - Местоположение
Форматна сигнатура Цб 260789
856 4# - Електронен адрес и достъп
Електронен формат pdf - файл
Път до файла /url/
856 4# - Електронен адрес и достъп
Електронен формат pdf - файл
Път до файла /url/
942 ## - АРТИКУЛИ
Вид на библиотечния материал Книги
Скрит в OPAC Не
944 ## - СЪЗДАВАНЕ И РЕДАКЦИЯ на ЗАПИСА
Създаване/Редакция Създаване
Дата на регистрацията/редакция 15.07.2013
Статус, дата на статуса 15.07.2013 - от С1,Р / 15.07.2013
Служител, извършил регистрацията/редакцията Полина_Златанова
944 ## - СЪЗДАВАНЕ И РЕДАКЦИЯ на ЗАПИСА
Създаване/Редакция Редакция
Дата на регистрацията/редакция 15.09.2017
Статус, дата на статуса 15.07.2013 - от С1,Р / 15.07.2013
Служител, извършил регистрацията/редакцията Христина_Везирева
999 ## - СИСТЕМНИ КОНТРОЛНИ НОМЕРА
Koha biblionumber 139842
Koha biblioitemnumber 139842
Наличности
Код за отписване Код за изгубен артикул Източник на класификационната схема Код за повреда Коз за рестрикции Код за отдаване Артикулен № Име на библиотеката - собственик Име на библиотеката, в която се намира в момента Статус (Текущо местоположение) Дата на вписване в системата Местоположение - отдел Цена в лева Инвентарен номер Систематично азбучна сигнатура Баркод Номер на екземпляра Цена в евро Служебна бележка Служебен тип на артикула Бележка за публиката
  Не е изгубен Universal Decimal Classification Не е повреден без рестрикции ползва се в читалня 229112 Регионална библиотека "Любен Каравелов" Русе Регионална библиотека "Любен Каравелов" Русе Хранилище 1976-01-01 Хранилище 0.89 207158 Цб 260789 120000207158 1 0.46 N: стар фонд Дата: 01.01.1976 Книги  
Изтеглен Не е изгубен   Не е повреден без рестрикции заемане за дома 229113 Регионална библиотека "Любен Каравелов" Русе Регионална библиотека "Любен Каравелов" Русе   1976-01-01 Детски отдел 0.89 210178 ДХ 886.7/Г 92 210178 2 0.46 N: стар фонд Дата: 01.01.1976 Дата инв: 01.09.2015 Бележки инв: Д2015 Книги Отч.N: 26/2017 , Дата: 15.08.2017
Изтеглен Не е изгубен Universal Decimal Classification Не е повреден без рестрикции заемане за дома 229114 Регионална библиотека "Любен Каравелов" Русе Регионална библиотека "Любен Каравелов" Русе Детски отдел 1976-01-01 Детски отдел 0.89 210179 ДХ 886.7/Г 92 210179 3 0.46 N: стар фонд Дата: 01.01.1976 Дата инв: 01.09.2015 Бележки инв: Д2015 Книги  
Изтеглен Не е изгубен   Не е повреден без рестрикции заемане за дома 229115 Регионална библиотека "Любен Каравелов" Русе Регионална библиотека "Любен Каравелов" Русе   1976-01-01 Детски отдел 0.89 210181 ДХ 886.7/Г 92 210181 4 0.46 N: стар фонд Дата: 01.01.1976 Дата инв: 01.09.2015 Бележки инв: Д2015 Книги Отч.N: 32/2017 , Дата: 04.09.2017
Vip Innovations Ltd, Rousse, Bulgaria 2025